000
00328nam a22001457a 4500
008
240126b ||||| |||| 00| 0 eng d
020
_a
0805356576
041
_a
eng
080
_2
1985
_a
521
082
_a
521LAM
100
_a
19
101
_a
ASTRO
245
_a
HIGH ENERGY ASTROPHYSICS
_c
FREDERICK K.LAMB
942
_2
udc
_c
BK
999
_c
60555
_d
60555